Literárna veda na Slovensku bibliografia

Bibliographic Details
Other Authors: Bartalská, Ľubica, 1943-2014 (Compiler)
Format: Book
Language:Slovak
PhysicalDescription:362 strán 8°
Published: Martin Matica slovenská 1971
Edition:1. vyd.
Series:Špeciálne bibliografie
Na pomoc vede a výskumu
Subjects:

MARC

LEADER 00000cam a2200000 a 4500
001 vtls001058021
003 SK-MaSNL
005 20260426001155.0
008 240226s1971 xo frb n 000 0 slo
015 |a SNBA1971 
015 |a SNBSAB1971 
020 |q (viazané) 
035 |a SNK000000832 
035 |a 3351D8D9-87CD-4384-82A7-83F7BAAD153C 
035 |a urn:nbn:sk:snk-am00iid4 
040 |a SNK  |b slo  |c SNK  |e AACR2 
041 0 |a slo 
043 |a e-xo--- 
044 |a xo  |c SK 
072 7 |a 82.0  |x Literatúra (teória)  |2 konspekt 
072 7 |a 01  |x Bibliografia. Katalógy  |2 konspekt 
080 |a 82.0  |2 2011 
080 |a (437.6)  |2 2011 
080 |a (01)  |2 2011 
245 0 0 |a Literárna veda na Slovensku  |b bibliografia  |c zostavila Ľubica Bartalská 
250 |a 1. vyd. 
260 |a Martin  |b Matica slovenská  |c 1971 
300 |a 362 strán  |c 8° 
366 |e 500 brožovaných výtlačkov 
490 1 |a Špeciálne bibliografie 
490 1 |a Na pomoc vede a výskumu 
650 0 7 |a literárna veda  |2 SNKPH  |9 1137 
651 7 |a Slovensko  |2 SNKPHgeo  |9 14231 
655 7 |a bibliografie  |2 SNKPH  |9 28668 
700 1 |a Bartalská, Ľubica,  |d 1943-2014  |4 com  |9 106026 
830 0 |a Špeciálne bibliografie  |9 399150 
830 0 |a Na pomoc vede a výskumu  |9 422977 
852 |a Slovenská národná knižnica 
954 |a odborná, vedecká literatúra pôvodná (slovenská)  |2 lita 
958 |a RK 
958 |a OND 
958 |a NB 
958 |a EUIPO 
999 |c 876331  |d 878261 
952 |a SNK  |b SNK  |y PREZ  |7 0  |p 17A0929156  |o snkSC 30459  |i snkKSP 646/73  |0 0  |1 0  |4 0  |d 1995-03-20  |f 1  |l 0  |r 2025-09-18 00:00:00  |w 2026-02-24 
952 |t P60, <04>, [BOOK], {604}  |a SNK  |b SNK  |y VYP  |7 0  |p 17A0238588  |o snkSC 30459 D1  |i snkKSP 647/73  |0 0  |1 0  |4 0  |d 2000-05-16  |l 0  |r 2004-12-31 00:00:00  |w 2026-02-24 
952 |a SNK  |b SNK  |y VYP  |7 0  |p 17A1217132  |o snkSC 30459 D2  |i snk2016/25297  |8 1  |0 0  |1 0  |4 0  |d 2016-10-26  |l 0  |r 2026-02-24 05:58:22  |w 2026-02-24